000 00448nam a2200157 i 4500
001 150562
003 ES-MaACL
005 20230906203555.0
007 t|
008 071031s1945 sp ||||1| spa d
245 0 0 _aPedro de Valdivia /
_cselección y prólogo de José Gutiérrez-Ravé.
260 _a[Madrid] :
_bFé,
_c1945.
300 _a239 p. ;
_c17 cm.
700 1 _aGutiérrez-Ravé, José.
_961208
852 _aES-MaACL
_jC-3988
_bR.23346
999 _c150562
_d150562